Sports Quiz

Random Sports or World Cup Quiz

England Football Captains Quiz Stats

 Plays Quiz not verified by Sporcle

Score 0/24 Timer 10:00
1 Play Today
Caps as Captain Player % Correct
59David Beckham
91.3%
34John Terry
88.3%
90Bobby Moore
87.4%
40Steven Gerrard
87.1%
34Alan Shearer
70%
65Bryan Robson
66.9%
15Peter Shilton
66.7%
15Tony Adams
66.6%
18Gary Lineker
54.4%
90Billy Wright
48.2%
31Kevin Keegan
45.6%
10Stuart Pearce
37.5%
Caps as Captain Player % Correct
19David Platt
34.1%
10Ray Wilkins
29.3%
23Emlyn Hughes
25.8%
13Gilbert Smith
18.7%
15Jimmy Armfield
11.4%
22Johnny Haynes
9.9%
14Viv Woodward
3.5%
21Eddie Hapgood
3.1%
22Bob Crompton
2.1%
13George Hardwick
1.6%
15Norman Bailey
1.1%
12Roy Goodall
1%

You're not logged in!

Compare scores with friends on all Sporcle quizzes.
OR
Log In

Show Comments

Extras

Top Quizzes Today


Score Distribution

Your Account Isn't Verified!

In order to create a playlist on Sporcle, you need to verify the email address you used during registration. Go to your Sporcle Settings to finish the process.

Report this User

Report this user for behavior that violates our Community Guidelines.

Details: